| 000 | 00698nam a2200229Ii 4500 | ||
|---|---|---|---|
| 999 |
_c7057 _d7057 |
||
| 001 | 5152136 | ||
| 003 | OSt | ||
| 005 | 20190122172413.0 | ||
| 008 | 790710s1943 inua 00010 eng | ||
| 010 | _a43015111 | ||
| 040 |
_aDLC _cECO _dm.c. _dCIN |
||
| 050 | 0 |
_aBS2330 _b.M5 |
|
| 082 |
_a225.6 _bM647I |
||
| 100 | 1 | 0 |
_aMiller, Adam William, _d1896- |
| 245 | 1 | 3 |
_aAn introduction to the New Testament, _cby Adam W. Miller |
| 260 | 0 |
_aAnderson, Ind., _bGospel trumpet company _c[c1943] |
|
| 300 |
_avi p., l ℓ., 9-355 p. _bdiagr. _c21 cm |
||
| 504 | _aBibliography: p. 343-350 | ||
| 630 | 0 | 0 |
_aBible. _pNew Testament _xIntroductions |
| 630 | 0 | 0 |
_aBible. _pNew Testament _xIntroductions |
| 942 |
_2ddc _cBK |
||